000 00320nam a2200097Ia 4500
082 _a304.896891|POTT
245 0 _aCircular migration in Zimbabwe & contemporary sub-Saharan Africa
100 _a Potts, Deborah Claremont, South Africa, [c.2011]
_959451
942 _cBK
008 210817s9999 xx 000 0 und d
999 _c186819
_d186817